Стенографические отчеты. Ч. 2, 3, 4: Заседание 59 | Заседание 99 | Заседание 124 (Запись № 5911371)

Подробности
000 -МАРКЕР
контрольное поле 01573nam2a22003011 4500
001 - ИДЕНТИФИКАТОР ЗАПИСИ
контрольное поле v19\rc\1857044
005 - ИДЕНТИФИКАТОР ВЕРСИИ
контрольное поле 20250620092735.0
035 ## - ДРУГИЕ СИСТЕМНЫЕ НОМЕРА
Идентификатор записи (NLR Aleph) 005262002
100 ## - ДАННЫЕ ОБЩЕЙ ОБРАБОТКИ
Данные общей обработки 20080221d1909 |||y0rusy50 ca
101 0# - ЯЗЫК РЕСУРСА
Язык текста, звукозаписи и т.д. русский
102 ## - СТРАНА ПУБЛИКАЦИИ ИЛИ ПРОИЗВОДСТВА
Страна публикации Российская Федерация
105 ## - ПОЛЕ КОДИРОВАННЫХ ДАННЫХ: ТЕКСТОВЫЕ МАТЕРИАЛЫ, МОНОГРАФИЧЕСКИЕ
Кодированные данные о монографическом текстовом документе y z |||||
200 1# - ЗАГЛАВИЕ И СВЕДЕНИЯ ОБ ОТВЕТСТВЕННОСТИ
Основное заглавие Заседание 59
Сведения, относящиеся к заглавию 23 февраля 1909 г.
-- закрытое
Основное заглавие Заседание 99
Сведения, относящиеся к заглавию 22 апреля 1909 г.
-- закрытое
Основное заглавие Заседание 124
Сведения, относящиеся к заглавию 31 мая 1909 г.
-- закрытое
210 ## - ПУБЛИКАЦИЯ, РАСПРОСТРАНЕНИЕ И ДР.
Дата издания, распространения и т.д. 1909
Место издания, распространения и т.д. Б. м.
215 ## - ФИЗИЧЕСКАЯ ХАРАКТЕРИСТИКА
Специфическое обозначение материала и объем 2305-2346, 2765-2846, 2965-2982 стб.
Размеры 27
309 ## - ПРИМЕЧАНИЯ ОБ ОСНОВНОМ ИСТОЧНИКЕ ИНФОРМАЦИИ И ОБ ОСОБЕННОСТЯХ ПОЛИГРАФИЧЕСКОГО ОФОРМЛЕНИЯ ИЗДАНИЯ
Текст примечания Без тит. л. и обл.
461 #0 - УРОВЕНЬ НАБОРА
Встроенное поле 001v19\rc\2055942
-- 2001#$aСтенографические отчеты$fГос. дума, третий созыв, сессия вторая$vЧ. 2, 3, 4
Системный номер (АБИС) связанной записи 6014971
Автор Россия (3). Государственная дума (2)
Место публикации С.-Петербург
Дата публикации 1908
Первые сведения об ответственности Гос. дума, третий созыв, сессия вторая
Имя издателя, распространителя и т.д. Государственная типография
Заглавие Стенографические отчеты
Номер тома Ч. 2, 3, 4
601 01 - НАИМЕНОВАНИЕ ОРГАНИЗАЦИИ КАК ПРЕДМЕТ
Начальный элемент ввода Россия
Структурное подразделение организации Государственная дума
-- Созыв
Идентифицирующий признак 3
Формальный подзаголовок Стенографические отчеты
Тематический подзаголовок Заседания
Системный номер авторитетной/нормативной записи 2539463
Идентификатор авторитетной/нормативной записи RU\NLR\AUTH\661503545
686 0# - ИНДЕКСЫ ДРУГИХ КЛАССИФИКАЦИЙ
Индекс Т3(2)523-532.2
686 ## - ИНДЕКСЫ ДРУГИХ КЛАССИФИКАЦИЙ
Индекс Х809(2)62
801 #2 - ИСТОЧНИК ЗАПИСИ
Страна Российская Федерация
Организация NLR
Дата составления 20080925
Источник данных rusmarc
801 #0 - ИСТОЧНИК ЗАПИСИ
Страна Российская Федерация
Организация NLR
Дата составления 20080221
Правила каталогизации psbo
801 #1 - ИСТОЧНИК ЗАПИСИ
Страна Российская Федерация
Организация ProSoft-M
Дата составления 20080221
Источник данных rusmarc
852 ## - МЕСТОНАХОЖДЕНИЕ И ШИФР ХРАНЕНИЯ
Идентификатор организации NLR
Шифр хранения (Call Number) 30/4(5)
852 ## - МЕСТОНАХОЖДЕНИЕ И ШИФР ХРАНЕНИЯ
Идентификатор организации NLR
Наименование фонда или коллекции (Sub-Location Identifier) Мф
Шифр хранения (Call Number) К1/28256(ч. 2-4)
942 ## - ДОПОЛНИТЕЛЬНЫЕ ЭЛЕМЕНТЫ ЗАПИСИ (АБИС)
Тип экземпляра АБИС Книга
980 ## - КОЛЛЕКЦИЯ
Название коллекции Национальная библиография
Экземпляры
Тип экземпляра Дата поступления Библиотека постоянного хранения Библиотека текущего хранения Место хранения Шифр хранения Штрих-код Статус экземпляра
Книга 26.10.2013 РНБ (Московский) РНБ (Московский) Фонд микроформ Мф К1/28256(ч. 2-4) 5262002-20  
Книга 26.10.2013 РНБ (Садовая) РНБ (Садовая) Русский книжный фонд -Главное здание, Ленинский читальный зал 30/4(5) 5262002-10